| 000 | 00622nam a2200181Ia 4500 | ||
|---|---|---|---|
| 003 | IN-BaIIA | ||
| 008 | 211028s9999 xx 000 0 eng d | ||
| 040 | _cIIA Library | ||
| 080 |
_a083.8:524.3 _bHOU-1 |
||
| 100 |
_aHouk, Nancy _98997 |
||
| 245 | 0 |
_aMichigan catalogue of two-dimensional spectral types for the hd stars _bdeclinations -90 degree to -53 degree _cNancy Houk and Anne P. Cowley |
|
| 260 |
_aMichigan _bUniversity of Michigan Press _c1975 |
||
| 300 | _axix, 452p. | ||
| 650 | _aAstronomy and Astrophysics Thesaurus | ||
| 650 |
_aCatalogue-HD Stars _98998 |
||
| 650 |
_aHD Stars catalogue _98999 |
||
| 942 | _cBK | ||
| 999 |
_c5059 _d5059 |
||